| 000 | 00468nam a22001817a 4500 | ||
|---|---|---|---|
| 999 |
_c526419 _d526419 |
||
| 003 | NUST | ||
| 020 | _a- | ||
| 038 | _aZafar Malik | ||
| 082 |
_a891.4932 _bKHA |
||
| 100 |
_aKhan, Hafeez _915565 |
||
| 245 |
_aRuthray Pand \ _cHafeez Khan |
||
| 260 |
_aMultan : _bMultan Institute of Policy and Research ; _c2005. |
||
| 300 | _a200 p. ; | ||
| 500 | _aHardcover | ||
| 880 |
_6100-02\r _aحفیظ خان |
||
| 880 |
_6245-02\r _aرٹھڑے پندھ |
||
| 942 |
_2ddc _cBK |
||